Statistics for General Knowledge 8

Click here to take the quiz!

General Stats

  • This quiz has been taken 73 times
  • The average score is 6 of 15

Answer Stats

HintAnswer% Correct
What famous bridge may befound in San Francisco?Golden gate
85%
What city has the highest population?Tokyo
77%
What colour jersey does the leader in points of the tour de France wear?Yellow
76%
Who won the 2010 world cup?Spain
62%
What volcano exploded in AD79 leaving a perfectly preserved ash cast of a town?Vesuvius
58%
How many red balls are there in a game of snooker?15
56%
What type of berry does gin predominantly come from?Juniper
53%
What word is spelt by the chemical symbols for potassium, Iodine and Tellurium?KITe
53%
Who is the bassist and founding member of the band Red Hot Chili Peppers?Flea
47%
What is the largest moon in the solar system?Ganymede
20%
Who wrote the music for the Royal Fireworks?Handel
18%
What branch of zoology is the study of fish?Ichthyology
14%
Where did Claude Monet live and paint 'the Water lily pond'?Giverny
8%
What is the medical term for the line down the middle of someones abs?Linea alba
6%
What instrument was invented by the same person who composed the Liberty Bell?Sousaphone
6%

Score Distribution

Percentile by Number Answered

Percent of People with Each Score

Your Score History

You have not taken this quiz